<?xml version="1.0" encoding="UTF-8"?><?xml-stylesheet type="text/xsl" href="static/style.xsl"?><OAI-PMH xmlns="http://www.openarchives.org/OAI/2.0/" xmlns:xsi="http://www.w3.org/2001/XMLSchema-instance" xsi:schemaLocation="http://www.openarchives.org/OAI/2.0/ http://www.openarchives.org/OAI/2.0/OAI-PMH.xsd"><responseDate>2026-04-13T14:46:27Z</responseDate><request verb="GetRecord" identifier="oai:www.recercat.cat:10459.1/64411" metadataPrefix="marc">https://recercat.cat/oai/request</request><GetRecord><record><header><identifier>oai:recercat.cat:10459.1/64411</identifier><datestamp>2024-12-05T21:32:55Z</datestamp><setSpec>com_2072_3622</setSpec><setSpec>col_2072_479130</setSpec></header><metadata><record xmlns="http://www.loc.gov/MARC21/slim" xmlns:dcterms="http://purl.org/dc/terms/" xmlns:xsi="http://www.w3.org/2001/XMLSchema-instance" xmlns:doc="http://www.lyncode.com/xoai" xsi:schemaLocation="http://www.loc.gov/MARC21/slim http://www.loc.gov/standards/marcxml/schema/MARC21slim.xsd">
   <leader>00925njm 22002777a 4500</leader>
   <datafield ind2=" " ind1=" " tag="042">
      <subfield code="a">dc</subfield>
   </datafield>
   <datafield ind2=" " ind1=" " tag="720">
      <subfield code="a">Sánchez de la Torre, Alicia</subfield>
      <subfield code="e">author</subfield>
   </datafield>
   <datafield ind2=" " ind1=" " tag="260">
      <subfield code="c">2017-09-18T08:44:32Z</subfield>
   </datafield>
   <datafield ind2=" " ind1=" " tag="260">
      <subfield code="c">2017-09-18T08:44:32Z</subfield>
   </datafield>
   <datafield ind2=" " ind1=" " tag="260">
      <subfield code="c">2017-05-02</subfield>
   </datafield>
   <datafield ind2=" " ind1=" " tag="520">
      <subfield code="a">La síndrome d'apnea-hipopnea de la son (SAHS) afecta el 4-6% de la població general de mitjana&#xd;
edat, i aquesta prevalença va augmentant amb l'edat. La SAHS es caracteritza per episodis&#xd;
repetits d'obstrucció de la via aèria superior durant el son, causant hipoxèmia intermitent i&#xd;
interrupció del son. Els episodis d'hipòxia intermitent i els arousals provoquen un augment de&#xd;
l'activitat simpàtica i canvis sobtats de la pressió arterial sistèmica, que contribueixen al&#xd;
desenvolupament d'hipertròfia miocàrdica, arítmies cardíaques i mort per causa cardiovascular. A&#xd;
més, aquests episodis repetits poden activar diferents vies patogèniques que afavoreixen&#xd;
l'aterogènesi com són: estrès oxidatiu, disfunció endotelial, hipercoagulabilitat i alteracions&#xd;
metabòliques com resistència a la insulina. Aquestes alteracions fisiològiques explicarien el risc&#xd;
més elevat de desenvolupar malaltia cardiovascular en els pacients amb SAHS.&#xd;
En conjunt, els estudis que componen la present tesi doctoral han contribuït en l’avenç del&#xd;
coneixement de la relació existent entre la SAHS i la malaltia cardiovascular, tenint com a&#xd;
objectiu: i) avaluar en primer lloc l’impacte de la SAHS en la gravetat de la SCA, ii) analitzar&#xd;
l’efecte del sexe del pacient amb SAHS en la gravetat de la SCA, iii) explorar la prevalença de la&#xd;
SAHS entre els diversos grups ètnics i la seva interacció amb factors de risc com l’obesitat en&#xd;
cada grup ètnic, i finalment iv) investigar l'impacte de la SAHS en l'evolució temporal de&#xd;
marcadors de severitat de la SCA</subfield>
   </datafield>
   <datafield ind2=" " ind1=" " tag="520">
      <subfield code="a">El síndrome de apnea-hipopnea del sueño (SAHS) afecta al 4-6% de la población general de&#xd;
mediana edad, y dicha prevalencia va aumentando con la edad. El SAHS se caracteriza por&#xd;
episodios repetidos de obstrucción de la vía aérea superior durante el sueño, causando hipoxemia&#xd;
intermitente e interrupción del sueño. Los episodios de hipoxia intermitente y los arousals&#xd;
provocan un aumento de la actividad simpática y cambios repentinos de la presión arterial, que&#xd;
contribuyen al desarrollo de hipertrofia miocárdica, arritmias cardíacas y muerte por causa&#xd;
cardiovascular. Además, dichos episodios repetidos pueden activar diferentes vías patogénicas&#xd;
que favorecen la aterogénesis como son: estrés oxidativo, disfunción endotelial,&#xd;
hipercoagulabilidad y alteraciones metabólicas como resistencia a la insulina. Estas alteraciones&#xd;
fisiológicas explicarían el mayor riesgo de desarrollar enfermedad cardiovascular en pacientes&#xd;
SAHS.&#xd;
En conjunto, los estudios que componen la presente tesis doctoral han contribuido en el avance&#xd;
del conocimiento de la relación existente entre el SAHS y la enfermedad cardiovascular, teniendo&#xd;
como objetivo: i) evaluar en primer lugar el impacto del SAHS en la gravedad del SCA, ii)&#xd;
analizar el efecto del sexo del paciente con SAHS, en la gravedad del SCA, iii) explorar la&#xd;
prevalencia del SAHS entre diversos grupos étnicos y su interacción con factores de riesgo como&#xd;
la obesidad en cada grupo étnico, y finalmente iv) investigar el impacto del SAHS en la&#xd;
evolución temporal de marcadores de severidad del SCA.</subfield>
   </datafield>
   <datafield ind2=" " ind1=" " tag="520">
      <subfield code="a">Sleep apnea-hypopnea syndrome (SAHS) affects 4-6% of the general middle-aged population,&#xd;
and this prevalence increases with age. SAHS is characterized by repeated episodes of&#xd;
obstruction of the upper airway during sleep, causing intermittent hypoxemia and sleep&#xd;
disruption. Intermittent episodes of hypoxia and arousals cause an increase in sympathetic&#xd;
activity and sudden changes in systemic blood pressure, contributing to the development of&#xd;
myocardial hypertrophy, cardiac arrhythmias and death due to cardiovascular disease. In addition,&#xd;
repeated episodes of hypoxia-reoxygenation can activate different pathogenic pathways that&#xd;
promote atherogenesis, such as: oxidative stress, endothelial dysfunction, hypercoagulability, and&#xd;
metabolic disorders like insulin resistance. These physiological changes may explain the&#xd;
increased risk of developing cardiovascular disease in patients with SAHS.&#xd;
Overall, the studies that compose this doctoral thesis have contributed to the advancement of&#xd;
knowledge about the relationship between SAHS and cardiovascular disease, with the objective&#xd;
of: i) to evaluate the impact of SAHS on the severity of ACS, ii) to analyze the effect of the sex&#xd;
of patients with SAHS on the severity of ACS, iii) to explore the prevalence of SAHS among the&#xd;
various ethnic groups and their interaction with risk factors such as obesity in each ethnic group,&#xd;
and finally iv) to investigate the impact of SAHS on the temporal evolution of markers of ACS&#xd;
severity.</subfield>
   </datafield>
   <datafield ind1="8" ind2=" " tag="024">
      <subfield code="a">http://hdl.handle.net/10459.1/64411</subfield>
   </datafield>
   <datafield tag="653" ind2=" " ind1=" ">
      <subfield code="a">Síndrome d'apnea-hipopnea de la son</subfield>
   </datafield>
   <datafield tag="653" ind2=" " ind1=" ">
      <subfield code="a">Malalties cardiovasculars</subfield>
   </datafield>
   <datafield tag="653" ind2=" " ind1=" ">
      <subfield code="a">Síndrome coronària aguda</subfield>
   </datafield>
   <datafield tag="653" ind2=" " ind1=" ">
      <subfield code="a">Síndrome de apnea-hipopnea del sueño</subfield>
   </datafield>
   <datafield tag="653" ind2=" " ind1=" ">
      <subfield code="a">Enfermedades Cardiovasculares</subfield>
   </datafield>
   <datafield tag="653" ind2=" " ind1=" ">
      <subfield code="a">Síndrome Coronario Agudo</subfield>
   </datafield>
   <datafield tag="653" ind2=" " ind1=" ">
      <subfield code="a">Sleep apnea-hypopnea syndrome</subfield>
   </datafield>
   <datafield tag="653" ind2=" " ind1=" ">
      <subfield code="a">Cardiovascular diasease</subfield>
   </datafield>
   <datafield tag="653" ind2=" " ind1=" ">
      <subfield code="a">Acute coronay syndrome</subfield>
   </datafield>
   <datafield tag="653" ind2=" " ind1=" ">
      <subfield code="a">Medicina</subfield>
   </datafield>
   <datafield tag="653" ind2=" " ind1=" ">
      <subfield code="a">61</subfield>
   </datafield>
   <datafield ind2="0" ind1="0" tag="245">
      <subfield code="a">Impacto del síndrome de apnea-hipopnea del sueño en el desarrollo y gravedad del síndrome coronario agudo</subfield>
   </datafield>
</record></metadata></record></GetRecord></OAI-PMH>